Supermercats dels Països Catalans - Estadísticas

Estadísticas generales
  • Esta prueba ha sido intentada 79 veces
    25 desde el último reinicio
  • La puntuación promedio es 13 de 35
Estadísticas de respuestas
Resposta % Correcto
Mercadona
100%
Bonpreu
91%
Consum
87%
Carrefour
83%
Aldi
70%
Bonàrea
70%
Caprabo
70%
Alcampo
65%
Esclat
65%
Lidl
65%
Condis
61%
Dia
61%
Eroski
57%
Casa Ametller
35%
Spar
35%
Hipercor
26%
Sorli
26%
Suma
26%
La Sirena
22%
Charter
17%
Coaliment
17%
Primaprix
17%
Supercor
17%
Veritas
17%
Coviran
13%
Gros Mercat
9%
Novavenda
9%
Plusfresc
9%
Valvi
9%
Fragadis
4%
Keisy
4%
Kembo
4%
Llobet
4%
Mas y Mas
4%
Pròxim
0%
No se encontraron pruebas coincidentes
Distribución de puntuación
Porcentaje de gente con cada puntuación
Porcentaje por número respondido
Historial de tus puntuaciones
No has intentado esta prueba desde el último reinicio